| 000 | 00527nam a22001937a 4500 | ||
|---|---|---|---|
| 003 | SISC | ||
| 005 | 20160229133105.0 | ||
| 008 | 131001t xxu||||| |||| 00| 0 eng d | ||
| 020 | _a9780060256579 | ||
| 050 |
_aPZ 7 _b.SI587 1981 |
||
| 082 |
_aHS 398.2 _b.SI3 1981 |
||
| 100 |
_dSilverstein, Shel _922354 |
||
| 245 |
_aThe Missing Piece meets the Big O _cSilverstein, Shel |
||
| 260 |
_aNew York : _bHarper Collins Publisher, _c1981 |
||
| 300 |
_bill. ; _c21.5 cm. |
||
| 440 |
_a _922355 |
||
| 942 |
_2lcc _cBK |
||
| 999 |
_c12491 _d12491 |
||